La formación uraliense asturiana (Record no. 116064)

MARC details
000 -LEADER
campo de control de longitud fija 00488nam a2200145 4500
001 - NÚMERO DE CONTROL
campo de control 116064
003 - IDENTIFICADOR DE NÚMERO DE CONTROL
campo de control ES-MaACL
007 - CAMPO FIJO DE DESCRIPCIÓN FÍSICA--INFORMACIÓN GENERAL
campo de control de longitud fija t|
008 - DATOS DE LONGITUD FIJA--INFORMACIÓN GENERAL
campo de control de longitud fija 061121s1920 sp r ||||1| spa d
100 1# - ENTRADA PRINCIPAL--NOMBRE DE PERSONA
Nombre de persona Patac, Ignacio.
9 (RLIN) 89545
245 13 - MENCIÓN DEL TÍTULO
Título La formación uraliense asturiana
Resto del título : estudio de Cuencas Carbónicas /
Mención de responsabilidad, etc. por Ignacio Patac.
260 ## - PUBLICACIÓN, DISTRIBUCIÓN, ETC.
Lugar de publicación, distribución, etc. Gijón :
Nombre del editor, distribuidor, etc. Compañía Asturiana de Artes Gráficas,
Fecha de publicación, distribución, etc. 1920.
300 ## - DESCRIPCIÓN FÍSICA
Extensión 50 p., 26 lám. ;
Dimensiones 27 cm +
Material acompañante/anejo 14 planos.
852 ## - LOCALIZACIÓN
Ubicación ES-MaACL
Número de control de estantería B-5925
Sublocalización o colección R.22287
Holdings
Estatus retirado Estado de pérdida Estado de daño No para préstamo Biblioteca de origen Biblioteca actual Ubicación en estantería Fecha de adquisición Fuente de adquisición Total de préstamos Signatura topográfica completa Código de barras Visto por última vez Precio de reemplazo Tipo de ítem Koha
        Biblioteca del Ateneo de Madrid Biblioteca del Ateneo de Madrid Sala Pardo Bazán 17/01/2008     B-5925 1121032 23/02/2023 23/02/2023 Libro impreso